00693cam a22002294a 450000100090000000300040000900500170001300800410003002000180007104000180008904200080010705000270011508200220014224500950016425000120025926000540027130000210032550400530034665000240039965000140042370000260043712769284OSt20230825151210.0020509s2003 nyua b 001 0 eng  a9788131725191 aDLCcDLCdDLC apcc00aHF5415.1265b.I57 200300a658.84221bCHA/I00aInternet marketing :bstrategy, implementation, and practice /cDave Chaffey ... [et al.]. a3rd ed. aNew York :bPrentice Hall/Financial Times,c2009. a544 p. :c27 cm. aIncludes bibliographical references and indexes. 0aInternet marketing. 0aInternet.1 aChaffey, Dave,d1963-